000 00835cab a2200277 4500
001 ABS41975
008 090401t1990 xxu||||| |||| 00| 0 eng d
035 _a(Sirsi) u33792
041 _aeng
100 _aGoulder, N.
245 _aBuilding bridges
260 _c1990
350 _a0
490 _aLocal Government Chronicle
_v(6392) 19 January 1990, 14-15(2)
520 _aExamines the actions of Hampshire CC in building up links with its cross channel equivalent Basse Normandie . The aim is to counteract the possible detrimental effects of the channel tunnel on the area.
650 _aEUROPE
650 _aFRANCE
650 _aIBEX
650 _aLOCAL AUTHORITIES
650 _aPLYMOUTH
650 _aPORTS
650 _aSINGLE MARKET
690 _aECONOMIC AND SOCIAL
942 _n0
948 _c04/03/1997
999 _c22502
_d22502